| 000 | 00837cam a22002771 4500 | ||
|---|---|---|---|
| 001 | 31843 | ||
| 003 | BD-RjUL | ||
| 005 | 20211209051745.0 | ||
| 008 | 140422s1953 fr b i000 0 eng | ||
| 035 | _a(BD-RjUL)31931 | ||
| 035 | _a(OCoLC)287523 | ||
| 040 |
_aDLC _cOHirC _dOCoLC _dDLC _dBD-RjUL _beng |
||
| 041 | _aeng | ||
| 082 |
_a261.8 _bCOC 1953 |
||
| 100 | 1 |
_aCongar, Marie Joseph. _d1904- _996923 |
|
| 245 | 1 | 4 |
_aThe Catholic Church and the race question / _cMarie Joseph Congar. |
| 260 |
_aParis : _bUNESCO, _c1953. |
||
| 300 |
_a62 p. ; _c22 cm. |
||
| 490 | 1 | _aThe race question and modern thought | |
| 504 | _aBibliography: p. 59-62. | ||
| 650 | 0 |
_aRace relations. _996924 |
|
| 650 | 0 |
_aChurch and social problems _xCatholic Church. _996925 |
|
| 942 |
_2ddc _cBK |
||
| 999 |
_c31843 _d31843 |
||